Manual de las enfermedades del oido / (Record no. 100199)

MARC details
000 -LEADER
campo de control de longitud fija 00769nam a2200205 i 4500
001 - NÚMERO DE CONTROL
campo de control 100199
003 - IDENTIFICADOR DE NÚMERO DE CONTROL
campo de control ES-MaACL
005 - FECHA Y HORA DE LA ÚLTIMA TRANSACCIÓN
campo de control 20251003151507.0
007 - CAMPO FIJO DE DESCRIPCIÓN FÍSICA--INFORMACIÓN GENERAL
campo de control de longitud fija t|
008 - DATOS DE LONGITUD FIJA--INFORMACIÓN GENERAL
campo de control de longitud fija 050922s1944 sp ||||1| spa d
100 1# - ENTRADA PRINCIPAL--NOMBRE DE PERSONA
Nombre de persona Marx, Hermann.
9 (RLIN) 78587
245 10 - MENCIÓN DEL TÍTULO
Título Manual de las enfermedades del oido /
Mención de responsabilidad, etc. por el Dr. Hermann Marx; traducido del alemán por los Doctores Antonio García-Tapia Hernando, Rafael García-Tapia Hernando y Jesús Bartolomé Iraeta.
260 ## - PUBLICACIÓN, DISTRIBUCIÓN, ETC.
Lugar de publicación, distribución, etc. Madrid :
Nombre del editor, distribuidor, etc. Espasa-Calpe,
Fecha de publicación, distribución, etc. 1944.
300 ## - DESCRIPCIÓN FÍSICA
Extensión 769 p. :
Otras características físicas il. ;
Dimensiones 26 cm.
700 1# - ENTRADA AGREGADA--NOMBRE PERSONAL
Nombre de persona García Tapia, Antonio,
Fechas asociadas al nombre 1875-1950
9 (RLIN) 55318
700 1# - ENTRADA AGREGADA--NOMBRE PERSONAL
Nombre de persona Bartolomé Iraeta, Jesús.
9 (RLIN) 26170
700 1# - ENTRADA AGREGADA--NOMBRE PERSONAL
Nombre de persona García-Tapia Hernando, Rafael.
9 (RLIN) 153229
852 ## - LOCALIZACIÓN
Ubicación ES-MaACL
Número de control de estantería E-6
Sublocalización o colección R.21521
Holdings
Estatus retirado Estado de pérdida Estado de daño No para préstamo Biblioteca de origen Biblioteca actual Ubicación en estantería Fecha de adquisición Fuente de adquisición Total de préstamos Signatura topográfica completa Código de barras Visto por última vez Precio de reemplazo Tipo de ítem Koha
        Biblioteca del Ateneo de Madrid Biblioteca del Ateneo de Madrid Depósito 2 17/01/2008     E-6 1104626 23/02/2023 23/02/2023 Libro impreso